| 000 | 00328nam a2200121Ia 4500 | ||
|---|---|---|---|
| 003 | GCL | ||
| 008 | 140319s9999 xx 000 0 eng d | ||
| 040 |
_aGCL / _cGCL |
||
| 082 | 0 | 4 |
_a658.049 _bKI |
| 245 | 1 | 0 | _aInternational Business: Theory And practice |
| 260 |
_a[S.N] : _bMacmillan Publishing Company ، _c1992 |
||
| 300 | _a707 PP | ||
| 999 |
_c17228 _d17228 |
||